Advances in agronomy: T54

Đã lưu trong:
书目详细资料
格式: 图书
语言:Undetermined
出版: San Diego Academic 1995
主题:
标签: 添加标签
没有标签, 成为第一个标记此记录!
Thư viện lưu trữ: Trung tâm Học liệu Trường Đại học Cần Thơ
LEADER 00421nam a2200157Ia 4500
001 CTU_21579
008 210402s9999 xx 000 0 und d
082 |a 630.5 
082 |b A244/T54 
245 0 |a Advances in agronomy: T54 
260 |a San Diego 
260 |b Academic 
260 |c 1995 
650 |a agronomy 
904 |i Nguyễn Quang Điền, 980113 
980 |a Trung tâm Học liệu Trường Đại học Cần Thơ